| 000 -ლიდერი |
| ფიქსირებული სიგრძის საკონტროლო ველი |
01510nam a22002177a 4500 |
| 003 - საკონტროლო ნომრის იდენტიფიკატორი |
| საკონტროლო ველი |
Ge_BSU |
| 005 - ბოლო ოპერაციის თარიღი და დრო |
| საკონტროლო ველი |
20210502214423.0 |
| 008 - ფიქსირებული სიგრძის მონაცემთა ელემენტები - ზოგადი ინფორმაცია |
| ფიქსირებული სიგრძის საკონტროლო ველი |
210408b xxu||||| |||| 00| 0 geo d |
| 041 ## - ენის კოდი |
| Language code of text/sound track or separate title |
geo |
| 080 ## - უნივერსალური ათობითი კლასიფიკაციის ინდექსი |
| Universal Decimal Classification number |
82 კ-33 |
| 100 ## - მთავარი ჩანაწერი - პიროვნების სახელი |
| Personal name |
კაშია, ალკაზარ |
| 9 (RLIN) |
11199 |
| 245 ## - ცნობა სათაურის შესახებ |
| Title |
ქოროღლის ეპოსის ქართული ვერსიის აჭარული ვარიანტები / |
| Statement of responsibility, etc |
ალკაზარ კაშია; მეცნ. ხელმძღვანელი თინა შიოშვილი; ბათუმისჰუმანიტარულ მეცნიერებათა ფაკულტეტი. ქართული ფილოლოგიის დეპარტამენტი. |
| 264 ## - წარმოების, გამოცემის, დისტრიბუციის და სხვა ცნობები |
| გამოცემის, წარმოების, დისტრიბუციის... ადგილი |
ბათუმი, |
| გამოცემის, წარმოების, დისტრიბუციის... თარიღი |
2015. |
| 300 ## - ფიზიკური აღწერა |
| Extent |
254 გვ. |
| Other physical details |
30 სმ. |
| 653 ## - INDEX TERM--UNCONTROLLED |
| Uncontrolled term |
ლიტერატურათმცოდნეობა. |
| 653 ## - INDEX TERM--UNCONTROLLED |
| Uncontrolled term |
ქოროღლის ეპოსის ქართული ვერსიის აჭარული ვარიანტები |
| 653 ## - INDEX TERM--UNCONTROLLED |
| Uncontrolled term |
დისერტაცია |
| 700 ## - ADDED ENTRY--PERSONAL NAME |
| Personal name |
შიოშვილი, თინა |
| Relator term |
სამეცნიერო ხელმძღვანელი |
| 9 (RLIN) |
11200 |
| 710 ## - ADDED ENTRY--CORPORATE NAME |
| Corporate name or jurisdiction name as entry element |
ბსუ. |
| Subordinate unit |
ჰუმანიტარულ მეცნიერებათა ფაკულტეტი. ქართული ფილოლოგიის დეპარტამენტი |
| 9 (RLIN) |
10556 |
| 942 ## - ADDED ENTRY ELEMENTS (KOHA) |
| Source of classification or shelving scheme |
|
| Koha item type |
წიგნი |